000 00733nam a22001337a 4500
040 _cRUA
082 _aAED HUN 2015 B523 Or.1
100 _aHUN SOTHEA; ហ៊ុន សុធា
245 _aThe study on broiler chicken prodution in rith sopheap small farm in tropeangkrasang commune, bati district, takeo province, ការសិក្សាអំពីផលិតកម្មមាន់យកសាច់ជាកសិដ្ឋានខ្នាតតូចរបស់ រិទ្ធ សុភាព នៅឃុំត្រពាំងក្រសាំង ស្រុកបាទី ខេត្តតាកែវ
260 _aRUA
_bHUN
_c2015
300 _ax,45p.
_bill.
_c29cm.
856 _uHUN SOTHEA
942 _cAED
999 _c10585
_d10585